000 00568nam a2200205Ii 4500
001 12838
003 CO-ViMGA
008 241108s9999||||xx |||||||||||||| ||und||
040 _aCO-ViMGA
_bspa
_erda
_cCO-ViMGA
041 0 _aspa
082 0 4 _a325 D65m
100 1 _aLouis Dollot
_949630
245 1 0 _aLas migraciones humanas
264 1 _aMadrid, EspaƱa : Oikos-Tau, 1971
300 _avolumen
336 _atext
_btxt
_2rdacontent
337 _aunmediated
_bn
_2rdamedia
338 _avolume
_bnc
_2rdacarrier
940 _aidficha_siabuc: 12546. -- ficha_no_siabuc:12838
999 _c44307
_d44307